| 000 | 00566nam a2200193Ia 4500 | ||
|---|---|---|---|
| 005 | 20250317130400.0 | ||
| 008 | 008 250317s9999 xx 000 0 eng d | ||
| 020 | _a81-204-0117-4 | ||
| 037 | _aTextbook | ||
| 040 |
_aFMSL _beng _cFMSL |
||
| 041 |
_aeng _2eng |
||
| 084 |
_aX8(J):51.44 M7 _qFMSL |
||
| 100 |
_aAcharya S S _9262362 |
||
| 245 | 0 | _aAgricultural marketing in India | |
| 260 |
_aN.D _bN.D, Oxford & IBH Pub. co. _c1987 |
||
| 300 | _axiv,381 | ||
| 942 |
_cTB _hX8(J):51.44 M7 |
||
| 999 |
_c1263542 _d1263542 |
||